000 00312nam a2200133Ia 4500
003 Ost
005 20260225132538.0
008 260225s9999||||xx |||||||||||||| ||und||
040 _cfsic
041 _afre
082 _a302.23
245 0 _aHerodote espaces publics tradition et communication /
942 _cكتاب
999 _c33315
_d33315